Pays avec le taux d'humidité relative le plus élevé - Statistiques

Statistiques générales
  • Ce quiz a été pris 17 fois
  • Le résultat moyen est 3 sur 7
Statistiques - réponses
Hint Réponse % Correct
86% Guyane
76%
85% Colombie
71%
86% Gabon
41%
88% Papouasie-Nouvelle-Guinée
41%
85% Bangladesh
35%
89% São Tomé-et-Príncipe
35%
87% Sierra Leone
12%
Aucun quiz correspondant
Distribution des résultats
% des personnes avec chaque résultat
Percentile par nombre de réponses
Votre historique - résultats
Vous n’avez pas pris ce quiz